000 00577cam a22002053a 4500
001 43494
003 PGUSA
005 20140828084005.0
008 130818s2013||||xxu|||||s|||||000 | eng d
040 _aPGUSA
_beng
042 _adc
100 1 _aStoughton, John
245 1 0 _aCongregationalism in the Court Suburb
_h[electronic resource] /
_cJohn Stoughton
260 _bProject Gutenberg,
_c2013
506 _aPublic domain in the USA.
516 _aElectronic text
830 0 _aProject Gutenberg
_v43494
856 4 0 _uhttp://www.gutenberg.org/ebooks/43494
942 _cEB
999 _c272745
_d272745